Контракт санкт-петербургского первой гильдии купца Ивана Кондратьева по освещению театров

Доступно только в Электронных читальных залах Найти на картеНа карте
RUSMARC
00003824nmc2a22000003x 450
001e4f8f358-b43b-4b20-82ef-d23b46810126
00520190110031000.0
100##$a20170705l18491851k l0rusy0189 ca
1010#$arus
102##$aRU
2001#$aКонтракт санкт-петербургского первой гильдии купца Ивана Кондратьева по освещению театров
$j2 марта 1849 г. - 1 сентября 1851 г.
251##$cДело
300##$aПо Санкт-Петербургской дирекции за 1849 год
300##$aНа бланке обложки указано: "Дело по Конторе императорских санкт-петербургских театров"
801#0$aRU
$bРГИА
$c20170705
$gRCR
801#1$aRU
$bГлавНИВЦ
$c20170705
$2rusmarc
801#2$aRU
$bПБ им. Б.Н. Ельцина
$c20190110
$gRCR
$2rusmarc
850##$aРГИА
852##$aРГИА
$eФедеральное казенное учреждение "Российский государственный исторический архив" (РГИА)
$j12451
937##$hРГИА
$d12247470
$aASBIBLIO_SCAN
462#0$1001dd3991dc-24e1-42ec-8838-ca4255420416
$12001
$a1746-1850 гг.
$1251
$cОпись
$1852
$j1
461#0$10019264ebf8-de62-4f1a-9eb4-9f22098dbbd5
$12001
$aДирекция императорских театров МИДв
$1251
$cФонд
$1852
$j497
215##$a6 л.
$d36,5х26 см
371##$aДокумент не является опубликованным и широко распространяемым
105##$ay###
1222#$ad
035##$ae4f8f358-b43b-4b20-82ef-d23b46810126
856##$uhttp://readingroom.main.prlib.ru/item.aspx?id_node=n122844855&mode=full
Формат отображения